[Event "FIDE World Rapid 2013"]
[Site "Khanty-Mansiysk RUS"]
[Date "2013.06.07"]
[Round "7.2"]
[White "Grischuk,A"]
[Black "Dreev,A"]
[Result "0-1"]
[WhiteElo "2779"]
[BlackElo "2668"]

1.e4 c6 2.d4 d5 3.e5 Bf5 4.Nf3 e6 5.Be2 Ne7 6.O-O Bg6 7.Nbd2 Nf5 8.Nb3 Nd7
9.a4 Be7 10.g4 Nh6 11.h3 Ng8 12.Bd3 Qc7 13.Be3 Bxd3 14.Qxd3 h5 15.g5 g6 16.Nh4 Nf8
17.f4 Nh6 18.Nxg6 Nxg6 19.gxh6 Nh4 20.f5 O-O-O 21.f6 Rdg8+ 22.Kh1 Rg3 23.h7 Rxh3+
24.Kg1 Bf8 25.Nd2 Bh6 26.Rae1 Qd8 27.Kf2 Nf5 28.Nf3 Bxe3+ 29.Rxe3 Rxh7 30.Rg1 h4
31.Rg5 Qd7 32.Rxf5 exf5 33.Ng5 Rxe3 34.Qxe3 Rh8 35.e6 fxe6 36.Qe5 Rf8 37.f7 Rxf7
38.Qh8+ Kc7 39.Qe5+ Kb6 40.a5+ Kxa5 41.Nxe6 Re7 42.Qe1+ Kb5 43.c4+ dxc4 44.Qe5+ Qd5
45.Nc7+ Rxc7 46.Qxc7 Qxd4+ 47.Ke1 b6 48.Qxa7 Qxb2 49.Qh7 Qe5+ 50.Kf1 Qf4+
51.Kg2 Qg4+ 52.Kh1 h3  0-1

[Event "FIDE World Rapid 2013"]
[Site "Khanty-Mansiysk RUS"]
[Date "2013.06.07"]
[Round "8.2"]
[White "Khairullin,I"]
[Black "Dreev,A"]
[Result "1/2-1/2"]
[WhiteElo "2658"]
[BlackElo "2668"]

1.e4 c6 2.Nf3 d5 3.Nc3 Bg4 4.h3 Bxf3 5.Qxf3 e6 6.d4 dxe4 7.Qxe4 Nf6 8.Qh4 Nbd7
9.Bd3 g6 10.O-O Bg7 11.Ne2 Nd5 12.Qg3 Nb4 13.Bg5 Nf6 14.Rad1 Nxd3 15.Qxd3  1/2-1/2

[Event "FIDE World Rapid 2013"]
[Site "Khanty-Mansiysk RUS"]
[Date "2013.06.07"]
[Round "9.2"]
[White "Dreev,A"]
[Black "Andreikin,D"]
[Result "1/2-1/2"]
[WhiteElo "2668"]
[BlackElo "2713"]

1.d4 d6 2.e4 Nf6 3.f3 e5 4.dxe5 dxe5 5.Qxd8+ Kxd8 6.Bc4 Be6 7.Bxe6 fxe6 8.Be3 Nbd7
9.Nd2 Bc5 10.Bxc5 Nxc5 11.Nc4 Ncd7 12.O-O-O Ke7 13.Nh3 a5 14.Nf2 b5 15.Ne3 Ra6
16.Rd2 Rd6 17.Rhd1 Rb8 18.c3  1/2-1/2

[Event "FIDE World Rapid 2013"]
[Site "Khanty-Mansiysk RUS"]
[Date "2013.06.07"]
[Round "10.2"]
[White "Cheparinov,I"]
[Black "Dreev,A"]
[Result "1-0"]
[WhiteElo "2678"]
[BlackElo "2668"]

1.d4 d5 2.c4 c6 3.Nf3 Nf6 4.e3 Bf5 5.Nc3 e6 6.Nh4 Be4 7.f3 Bg6 8.Qb3 Qc7
9.g3 Be7 10.Be2 dxc4 11.Qxc4 a6 12.a4 a5 13.e4 Na6 14.Be3 Nb4 15.Rc1 Nd7
16.Nxg6 hxg6 17.O-O g5 18.Kg2 Rd8 19.Qb3 Qb8 20.f4 gxf4 21.Bxf4 Qa7 22.Rcd1 Qb6
23.Bc4 Nf6 24.h3 O-O 25.Be5 c5 26.d5 exd5 27.exd5 Nd7 28.d6 Bf6 29.Bxf6 Nxf6
30.Rxf6 gxf6 31.Ne4 f5 32.Nf6+ Kg7 33.Qe3 Rh8 34.Qg5+ Kf8 35.Nh5 Rxd6 36.Qg7+ Ke7
37.Qxf7+ Kd8 38.Qf6+ Kd7 39.Qg7+ Kc8 40.Qxh8+ Kc7 41.Qg7+  1-0

[Event "FIDE World Rapid 2013"]
[Site "Khanty-Mansiysk RUS"]
[Date "2013.06.08"]
[Round "11.5"]
[White "Dreev,A"]
[Black "Vallejo Pons,F"]
[Result "0-1"]
[WhiteElo "2668"]
[BlackElo "2706"]

1.d4 Nf6 2.c4 e6 3.Nc3 Bb4 4.Qc2 b6 5.a3 Bxc3+ 6.Qxc3 Bb7 7.f3 d5 8.cxd5 Nxd5
9.Qd2 f5 10.e3 O-O 11.Bc4 c5 12.Bxd5 Bxd5 13.Nh3 cxd4 14.exd4 Nc6 15.Qf2 Bc4
16.Be3 e5 17.Qc2 b5 18.dxe5 Nxe5 19.Nf4 g5 20.Rd1 Qa5+ 21.Kf2 gxf4 22.Bxf4 Qb6+
23.Kg3 Qf6 24.Qc3 Ng6 25.Qxf6 Rxf6 26.Rhe1 a5 27.Rd7 Rf7 28.Rd6 Nxf4 29.Kxf4 Raa7
30.Red1 Rae7 31.R1d2 Kg7 32.Rc6 a4 33.h4 Rf6 34.Rc5 Kg6 35.h5+ Kxh5 36.g4+ Kg6
37.g5 Rf8 38.Rd6+ Kg7 39.Rcc6 Re2 40.g6 hxg6 41.Rxg6+ Kf7 42.Rb6 Be6 43.Rh6 Rd8
44.Rb7+ Bd7 45.Rbb6 Be6 46.Rb7+ Bd7 47.Rbb6 Rg8 48.Rb7 Rd2 49.Rh7+ Rg7 50.Rh6 Ke7
51.Rhb6 Rd5 52.Rc6 Rg2 53.Rh6 Rg7 54.Ke3 Rd6 55.Rh2 Rf7 56.Kf4 Rd4+ 57.Ke5 Rd3
58.Kf4 Rf6 59.Rh7+ Rf7 60.Rh2 Rd6 61.Rc2 Kf8 62.Rcc7 Rd5 63.Rc2 Kg7 64.Rg2+ Kf6
65.Rb6+ Be6 66.Rh2 Ke7 67.Re2 Rf6 68.Rb7+ Kf8 69.Kg5 Rf7 70.Rb8+ Ke7 71.Kf4 Rd4+
72.Ke5 Rd5+ 73.Kf4 Kf6 74.Rb6 Rd4+ 75.Ke3 Rfd7 76.Rxb5 f4+ 77.Kf2 Bc4 78.Rb6+ Kf5
79.Rc2 Rd2+ 80.Rxd2 Rxd2+ 81.Kg1 Kg5 82.Rb7 Bb3  0-1

[Event "FIDE World Rapid 2013"]
[Site "Khanty-Mansiysk RUS"]
[Date "2013.06.08"]
[Round "12.7"]
[White "Nguyen Ngoc Truong Son"]
[Black "Dreev,A"]
[Result "1-0"]
[WhiteElo "2625"]
[BlackElo "2668"]

1.d4 d5 2.c4 c6 3.cxd5 cxd5 4.Nc3 Nf6 5.Bf4 Nc6 6.e3 a6 7.Bd3 Bg4 8.Nge2 Rc8
9.O-O e6 10.f3 Bh5 11.Rc1 Bd6 12.Na4 O-O 13.Qb3 Na5 14.Rxc8 Qxc8 15.Qb6 Bxf4
16.Nxf4 Nc4 17.Bxc4 Qxc4 18.Nc3 g5 19.Nxh5 Nxh5 20.Qxb7 Ng7 21.Rd1 Nf5 22.Kf2 h6
23.Rd2 Rc8 24.Ne2 Rc7 25.Qb6 Rc6 26.Qa5 Rc8 27.Qc3 Nd6 28.Qxc4 Rxc4 29.Nc3 f5
30.Ke2 f4 31.exf4 Nf5 32.fxg5 hxg5 33.Kd1 Nxd4 34.Nxd5 exd5 35.b3 Rb4 36.a3 Rxb3
37.Rxd4 Rb2 38.Rg4 Kf7 39.Rxg5 Ke6 40.h4 Ra2 41.h5 Rxa3 42.h6 Ra1+ 43.Ke2 Rh1
44.Rg6+ Kf5 45.Rxa6 d4 46.g4+ Kg5 47.Rd6 Rh3 48.Rxd4 Rxh6 49.Kf2 Kh4 50.Rd1  1-0

[Event "FIDE World Rapid 2013"]
[Site "Khanty-Mansiysk RUS"]
[Date "2013.06.08"]
[Round "13.9"]
[White "Dreev,A"]
[Black "Riazantsev,A"]
[Result "0-1"]
[WhiteElo "2668"]
[BlackElo "2708"]

1.d4 Nf6 2.c4 g6 3.Nc3 d5 4.e3 Bg7 5.Qb3 dxc4 6.Bxc4 O-O 7.Nf3 c5 8.d5 Ne8
9.e4 Nd6 10.e5 Nxc4 11.Qxc4 b6 12.Bg5 h6 13.Be3 Ba6 14.Qe4 Bb7 15.O-O-O e6
16.h4 Na6 17.Bg5 hxg5 18.hxg5 Re8 19.Qf4 exd5 20.Rh7 d4 21.Rdh1 Bxf3 22.gxf3 dxc3
23.bxc3 Qe7 24.Qf6 Bxf6 25.gxf6 Qxf6 26.exf6 Re1+ 27.Rxe1 Kxh7 28.f4 c4 29.Re7 Kg8
30.Kd2 Nc5 31.Ke3 Rd8 32.f5 gxf5 33.Kf4 Rd5 34.Kg5 Ne4+ 35.Kh6 Nxf6 36.Rxa7 Kf8
37.f3 f4  0-1

[Event "FIDE World Rapid 2013"]
[Site "Khanty-Mansiysk RUS"]
[Date "2013.06.08"]
[Round "14.13"]
[White "Kurnosov,I"]
[Black "Dreev,A"]
[Result "0-1"]
[WhiteElo "2657"]
[BlackElo "2668"]

1.e4 c6 2.d4 d5 3.e5 Bf5 4.Nf3 e6 5.Be2 Ne7 6.O-O Bg6 7.Nbd2 Nf5 8.Nb3 Nd7
9.a4 Be7 10.a5 O-O 11.c4 dxc4 12.Bxc4 b5 13.Bd3 a6 14.g4 Nh4 15.Nxh4 Bxh4
16.f4 Bxd3 17.Qxd3 Be7 18.Be3 f5 19.Rac1 fxg4 20.Rxc6 Nxe5 21.fxe5 Rxf1+
22.Qxf1 Qd5 23.Rc3 b4 24.Rd3 Rf8 25.Qe2 h5 26.Bf2 Rf4 27.Nc5 h4 28.Be3 Rf3
29.Nxa6 h3 30.Nc7 Qe4 31.Nxe6 g3 32.Nc5 Qf5 33.a6 gxh2+ 34.Kxh2 Bxc5 35.a7 Bxa7
36.Rd1 Qe4 37.Qc4+ Kh7 38.Qd3 Rxe3  0-1

[Event "FIDE World Rapid 2013"]
[Site "Khanty-Mansiysk RUS"]
[Date "2013.06.08"]
[Round "15.11"]
[White "Dreev,A"]
[Black "Zvjaginsev,V"]
[Result "1-0"]
[WhiteElo "2668"]
[BlackElo "2659"]

1.d4 Nf6 2.Nf3 g6 3.Bf4 Bg7 4.e3 O-O 5.Be2 d6 6.O-O c5 7.c3 cxd4 8.exd4 Nd5
9.Bg3 Nc6 10.Nbd2 Bf5 11.Qb3 Nb6 12.d5 Na5 13.Qb5 Nd7 14.b4 Bxc3 15.Rac1 a6
16.Qxa5 Qxa5 17.bxa5 Bxa5 18.Nc4 Bb4 19.Ne3 Be4 20.Ng5 Bf5 21.Nxf5 gxf5 22.Rc7 Nf6
23.Rxe7 h6 24.Nf3 b5 25.Nd4 Nxd5 26.Rd7 f4 27.Bh4 Nc3 28.Bh5 Rac8 29.Nf5 Rc5
30.Bxf7+ Rxf7 31.Nxh6+  1-0

[Event "FIDE World Blitz 2013"]
[Site "Khanty-Mansiysk RUS"]
[Date "2013.06.09"]
[Round "1.13"]
[White "Pridorozhni,A"]
[Black "Dreev,A"]
[Result "0-1"]
[WhiteElo "2512"]
[BlackElo "2668"]

1.e4 c6 2.Nc3 d5 3.Qe2 dxe4 4.Nxe4 Bf5 5.d3 e6 6.g4 Bg6 7.f4 Be7 8.Nf3 h5
9.f5 exf5 10.gxf5 Bxf5 11.Bf4 Bxe4 12.Qxe4 Nf6 13.Qe2 Nd5 14.Be5 O-O 15.O-O-O Bf6
16.d4 Nd7 17.Qe4 Re8 18.Bd3 g6 19.Rhg1 Nf8 20.c4 Nb4 21.Bb1 Bg7 22.a3 Na6
23.Qf4 Rc8 24.Bc2 Nc7 25.Kb1 Nce6 26.Qg3 Qb6 27.d5 cxd5 28.cxd5 Nc5 29.Bxg7 Kxg7
30.Nd4 Ncd7 31.Nf5+ Kg8 32.Bd3 Ne5 33.Bf1 Qf6 34.Nd4 Ng4 35.h3 Ne3 36.Bg2 Nxd1
37.Rxd1 Rcd8 38.Ka2 a6 39.Qd3 Nd7 40.Nb3 Ne5 41.Qd4 Nd7 42.Qb4 Qb6 43.Qxb6 Nxb6
44.Nc5 Re2 45.Bf1 Re5 46.Bg2 Nxd5 47.Ka1 Rde8 48.Rxd5 Rxd5 49.Bxd5 Re5 50.Nd7 Re1+
51.Ka2 b5 52.Bb7 Re7 53.Bc8 Kg7 54.Nb6 Rc7 55.Kb3 Rc6 56.Bxa6 Rxb6 57.Bc8 Rb8
58.Bd7 f5 59.Kb4 f4 60.Bc6 Kf6 61.Kc5 Ke5 62.Bf3 g5 63.Bxh5 Ke4 64.Kc6 f3
65.Kc7 Rh8 66.Bg4 f2 67.Be2 Rxh3 68.Bxb5 Rb3 69.Bf1 Rxb2  0-1

[Event "FIDE World Blitz 2013"]
[Site "Khanty-Mansiysk RUS"]
[Date "2013.06.09"]
[Round "2.13"]
[White "Dreev,A"]
[Black "Pridorozhni,A"]
[Result "1-0"]
[WhiteElo "2668"]
[BlackElo "2512"]

1.d4 d6 2.e4 Nf6 3.f3 e5 4.dxe5 dxe5 5.Qxd8+ Kxd8 6.Bc4 Be6 7.Bxe6 fxe6 8.Be3 Nbd7
9.Nd2 Bd6 10.Nc4 b6 11.Nh3 Ke7 12.Ke2 c6 13.Nxd6 Kxd6 14.Rad1+ Ke7 15.Nf2 c5
16.Nd3 c4 17.Nf2 Rhc8 18.Bd2 a5 19.a4 Nc5 20.Ra1 h6 21.Nd1 Ne8 22.Bc3 Nd7
23.Ne3 Nd6 24.Rhd1 Rc6 25.Rd2 Ra7 26.Rad1 h5 27.Ra1 g6 28.h4 b5 29.axb5 Nxb5
30.Bxa5 Ke8 31.Kf2 Nd4 32.Rdd1 Rca6 33.Nxc4 Nxc2 34.Rac1 Nd4 35.Bc3 Nc6 36.Rd6 Ke7
37.Bd2 Nd4 38.Bg5+ Ke8 39.Rd1 Rxd6 40.Nxd6+ Kf8 41.Nc4 Rb7 42.Bh6+ Kg8 43.Be3 Rb4
44.b3 Rxb3 45.Bxd4 exd4 46.Rxd4 Nf8 47.Ne5 Rb5 48.Nd3 Rb7 49.Ke3 Kg7 50.Kf4 Kf6
51.Ne5 Kg7 52.Rd8 Ra7 53.Rc8 Rb7 54.Nc4 Rd7 55.Ke5 Ra7 56.Nd6 Ra5+ 57.Kf4 Ra7
58.e5 Nd7 59.Ne8+ Kf7 60.Nd6+ Kg7 61.Rc4  1-0

[Event "FIDE World Blitz 2013"]
[Site "Khanty-Mansiysk RUS"]
[Date "2013.06.09"]
[Round "3.2"]
[White "Dreev,A"]
[Black "Potkin,V"]
[Result "1/2-1/2"]
[WhiteElo "2668"]
[BlackElo "2647"]

1.d4 d5 2.c4 e6 3.Nf3 Nf6 4.Bg5 h6 5.Bxf6 Qxf6 6.Nc3 c6 7.g3 dxc4 8.Bg2 Nd7
9.O-O Be7 10.e3 O-O 11.Nd2 e5 12.d5 Nb6 13.Qe2 Rd8 14.e4 Bc5 15.Nxc4 Bg4
16.Qxg4 Nxc4 17.Qe2 Nb6 18.a4 a5 19.Qc2 Qe7 20.Rad1 cxd5 21.exd5 Rac8 22.Qb3 Bb4
23.Rfe1 Nc4 24.Bh3 Rc5 25.Ne4 Bxe1 26.Rxe1 Rdxd5 27.Nxc5 Rxc5 28.Bg2 b6 29.Rd1 g6
30.Bd5 Qc7 31.Bf3 Kg7 32.h4 h5 33.Kg2 Nd6 34.Qe3 Nf5 35.Qg5 Nd4 36.Bxh5 Qc6+
37.Kg1 Nf3+ 38.Bxf3 Qxf3 39.Re1 Qf6 40.Qe3 Qd6 41.b3 Qd4 42.Qxd4 exd4 43.Rd1 Rc3  1/2-1/2

[Event "FIDE World Blitz 2013"]
[Site "Khanty-Mansiysk RUS"]
[Date "2013.06.09"]
[Round "4.2"]
[White "Potkin,V"]
[Black "Dreev,A"]
[Result "1/2-1/2"]
[WhiteElo "2647"]
[BlackElo "2668"]

1.d4 d5 2.c4 c6 3.Nc3 Nf6 4.e3 e6 5.Nf3 Nbd7 6.Qc2 b6 7.Be2 Bb7 8.O-O Be7
9.Rd1 O-O 10.e4 dxe4 11.Nxe4 Qc7 12.Nxf6+ Nxf6 13.c5 Rfd8 14.Bg5 a5 15.Rac1 bxc5
16.dxc5 Rd5 17.Rxd5 Nxd5 18.Bxe7 Qxe7 19.a3 h6 20.g3 e5 21.Nd2 Bc8 22.Nc4 Bh3
23.Nd6 Rb8 24.Bf1 Bxf1 25.Rxf1 Qf6 26.Re1 g6 27.Re2 h5 28.h4 Nc7 29.Qe4 Ne6
30.Nc4 Nxc5 31.Qxe5 Qxe5 32.Rxe5 Nd3 33.Re2 a4 34.Rd2 Rb3 35.Na5 Rb5 36.Rxd3 Rxa5
37.Rc3 c5 38.Rc4 Rb5 39.Rxa4 Rxb2 40.Rc4 Ra2 41.a4 Kf8 42.Kg2 Ke7 43.Rxc5 Rxa4  1/2-1/2

[Event "FIDE World Blitz 2013"]
[Site "Khanty-Mansiysk RUS"]
[Date "2013.06.09"]
[Round "5.4"]
[White "Dreev,A"]
[Black "Kamsky,G"]
[Result "1-0"]
[WhiteElo "2668"]
[BlackElo "2741"]

1.d4 d5 2.c4 c6 3.Nf3 Nf6 4.e3 g6 5.Nc3 Bg7 6.Bd3 O-O 7.O-O Qb6 8.b3 Bg4
9.h3 Bxf3 10.Qxf3 e6 11.Rd1 Re8 12.Bf1 Nbd7 13.Ba3 Qa5 14.Bb2 Qb6 15.Rac1 a5
16.Ba3 Bf8 17.Bxf8 Rxf8 18.Qg3 Qa7 19.Rc2 Qb8 20.Qxb8 Rfxb8 21.g3 h5 22.h4 Nb6
23.Bd3 Rd8 24.Rb1 Ra7 25.Kg2 Kf8 26.Be2 Ke7 27.a3 Nc8 28.b4 axb4 29.axb4 Nd6
30.c5 Nde4 31.Na2 Rda8 32.Rbb2 Nd7 33.b5 Kd8 34.f3 Nef6 35.Nb4 Nb8 36.Ra2 Rxa2
37.Rxa2 Rxa2 38.Nxa2 Nfd7 39.Nb4 e5 40.g4 exd4 41.exd4 Nf6 42.Kg3 hxg4 43.fxg4 Ne4+
44.Kf4 Nc3 45.Bd3 cxb5 46.h5 gxh5 47.gxh5 Ke7 48.h6 Kf6 49.Nc2 Nd7 50.Ne3 Nf8
51.Ng4+ Ke7 52.h7 Nxh7 53.Bxh7 b4 54.Bc2 Ke6 55.Ne5 f6 56.Nd3 Nb5 57.Ke3 f5
58.Nf4+  1-0

[Event "FIDE World Blitz 2013"]
[Site "Khanty-Mansiysk RUS"]
[Date "2013.06.09"]
[Round "6.4"]
[White "Kamsky,G"]
[Black "Dreev,A"]
[Result "0-1"]
[WhiteElo "2741"]
[BlackElo "2668"]

1.d4 d5 2.Bf4 Nf6 3.e3 c5 4.c3 e6 5.Nd2 Bd6 6.Bg3 Nc6 7.Ngf3 O-O 8.Bd3 b6
9.Ne5 Bb7 10.f4 Ne7 11.Qb1 Ng6 12.O-O Nh5 13.Be1 cxd4 14.cxd4 Nf6 15.a3 Rc8
16.h3 Qc7 17.Bg3 Qb8 18.Bh2 Qa8 19.Qe1 Qb8 20.Rd1 Rfd8 21.Qe2 Ne4 22.g4 Ne7
23.h4 f6 24.Nef3 f5 25.Ne5 Bxe5 26.fxe5 Bc6 27.h5 h6 28.Bf4 Rf8 29.Kh2 Be8
30.Rg1 Qc7 31.gxf5 Rxf5 32.Bxe4 dxe4 33.Nxe4 Rxh5+ 34.Kg3 Qc6 35.Nd6 Rd8
36.Rc1 Qd7 37.Kf2 Nd5 38.Qg4 Kh7 39.Rh1 Rxh1 40.Rxh1 Nxf4 41.exf4 Bg6 42.Rg1 Bc2
43.Qe2 Bf5 44.Rc1 Rf8 45.Ke3 Bg6 46.Qg2 Bh5 47.Rg1 Qe7 48.Qe4+ Kh8 49.Rh1 Be8
50.Rh2 a5 51.b3 b5 52.Qb7 Qxb7 53.Nxb7 a4 54.b4 Bc6 55.Nd6 Kh7 56.Rc2 Bd5
57.Nxb5 g5 58.fxg5 Rf3+ 59.Ke2 hxg5 60.Rc3 Rf4 61.Nd6 Rxd4 62.b5 Rh4 63.b6 Rh2+
64.Ke3 Rb2 65.b7 Kg6 66.Rc7 Rb3+ 67.Kd4 g4 68.Rc8 Bxb7 69.Rg8+ Kh5 70.Ne8 Kh4
71.Nf6 Bf3 72.Kc5 g3 73.Kd6 g2 74.Kxe6 Rb1 75.Kf7 g1=Q 76.Rxg1 Rxg1 77.e6 Rf1
78.e7 Bh5+ 79.Kg7 Re1 80.Kf8 Bg6 81.Kg7 Rxe7+ 82.Kxg6 Re3 83.Kf5 Rxa3 84.Ke4 Rb3
85.Kd4  0-1

[Event "FIDE World Blitz 2013"]
[Site "Khanty-Mansiysk RUS"]
[Date "2013.06.09"]
[Round "7.2"]
[White "Akopian,Vl"]
[Black "Dreev,A"]
[Result "1/2-1/2"]
[WhiteElo "2691"]
[BlackElo "2668"]

1.c4 c6 2.Nf3 d5 3.b3 Bg4 4.Bb2 Nd7 5.e3 e6 6.Be2 Ngf6 7.h3 Bh5 8.O-O Bd6
9.Nc3 O-O 10.Rc1 a6 11.Nh4 Bxe2 12.Qxe2 Qe7 13.d3 Rfd8 14.Rfd1 Rac8 15.cxd5 cxd5
16.Nb1 Nb8 17.Nf3 Nc6 18.e4 Bf4 19.Nbd2 dxe4 20.dxe4 Nb4 21.Rxc8 Rxc8 22.a3 Nc6
23.g3 Bb8 24.Nc4 Rd8 25.Rxd8+ Qxd8 26.Kg2 Ba7 27.Nce5 Ne7 28.Nd3 Nc6 29.Nde5 Qc7
30.Nxc6 Qxc6 31.Bxf6 gxf6 32.a4 Kg7 33.Qd3 Qb6 34.Qc2 Qd6 35.Ne1 Qd4 36.Nf3 Qd6
37.Ne1 Qd4 38.Nf3 Qd6 39.Ne1 Qd4  1/2-1/2

[Event "FIDE World Blitz 2013"]
[Site "Khanty-Mansiysk RUS"]
[Date "2013.06.09"]
[Round "8.2"]
[White "Dreev,A"]
[Black "Akopian,Vl"]
[Result "1-0"]
[WhiteElo "2668"]
[BlackElo "2691"]

1.d4 Nf6 2.c4 e6 3.Nc3 Bb4 4.Qc2 O-O 5.a3 Bxc3+ 6.Qxc3 d6 7.Bg5 Nbd7 8.e3 b6
9.Nf3 Bb7 10.Nd2 c5 11.dxc5 bxc5 12.Bd3 Rb8 13.O-O Qc7 14.Rfd1 h6 15.Bh4 Bc6
16.f3 a5 17.Bc2 a4 18.Rab1 Rb7 19.Nf1 Rfb8 20.Bg3 e5 21.Nd2 Nf8 22.Bh4 N8d7
23.e4 Rb6 24.Nf1 Nh5 25.Ne3 Nf4 26.Qd2 Rxb2 27.Rxb2 Rxb2 28.Qxd6 Qxd6 29.Rxd6 Ne2+
30.Kf1 Nd4 31.Bd1 Rb1 32.Ke1 g5 33.Bg3 f6 34.Nf5 Nxf5 35.exf5  1-0

[Event "FIDE World Blitz 2013"]
[Site "Khanty-Mansiysk RUS"]
[Date "2013.06.09"]
[Round "9.2"]
[White "Moiseenko,A1"]
[Black "Dreev,A"]
[Result "0-1"]
[WhiteElo "2711"]
[BlackElo "2668"]

1.d4 d5 2.c4 c6 3.Nf3 Nf6 4.Nc3 e6 5.Bg5 Nbd7 6.e3 Qa5 7.cxd5 Nxd5 8.Qd2 Bb4
9.Rc1 h6 10.Bh4 b6 11.a3 Bxc3 12.bxc3 c5 13.c4 Qxd2+ 14.Nxd2 Ne7 15.f3 f5
16.Nb3 Ba6 17.dxc5 Nxc5 18.Nxc5 bxc5 19.Bg3 O-O-O 20.Be2 Nc6 21.Rc2 e5 22.h4 g6
23.Kf2 Rhf8 24.f4 h5 25.fxe5 Rfe8 26.Rb1 Nxe5 27.Rcb2 Nd3+ 28.Bxd3 Rxd3 29.Rb8+ Kd7
30.Rxe8 Kxe8 31.Rb8+ Kd7 32.Ra8 Bxc4 33.Rxa7+ Kc6 34.a4 Rd2+ 35.Kf3 Bd5+
36.Kf4 Rxg2 37.Ra6+ Kb7 38.Rxg6 c4 39.Rg5 c3 40.Be1 c2 41.Rxg2 c1=Q 42.Rg7+ Kc6
43.Bg3 Be4 44.Kg5 Qxe3+ 45.Bf4 Qg1+ 46.Kh6 Qf2 47.Kg5 Qg2+ 48.Kh6 Qf3 49.Bg5 Kb6
50.Bd8+ Kc6 51.Bg5 Bd3 52.Rg6+ Kd5 53.a5 f4 54.Rf6 Qe4 55.Kxh5 f3 56.Rf4 Qe2
57.Kh6 f2 58.a6 Bxa6  0-1

[Event "FIDE World Blitz 2013"]
[Site "Khanty-Mansiysk RUS"]
[Date "2013.06.09"]
[Round "10.2"]
[White "Dreev,A"]
[Black "Moiseenko,A1"]
[Result "1-0"]
[WhiteElo "2668"]
[BlackElo "2711"]

1.d4 Nf6 2.c4 e6 3.Nc3 Bb4 4.Qc2 O-O 5.a3 Bxc3+ 6.Qxc3 d6 7.Bg5 Nbd7 8.e3 b6
9.Nf3 Ba6 10.Nd2 Rc8 11.b4 c5 12.dxc5 bxc5 13.b5 Bb7 14.f3 d5 15.Be2 Qb6
16.a4 d4 17.Qb2 h6 18.Bh4 dxe3 19.Nb3 Nh5 20.O-O-O Qc7 21.Be7 Rfe8 22.Bd6 Qd8
23.g4 Nhf6 24.Bf4 Qe7 25.Bxe3 e5 26.Rhg1 Nf8 27.g5 hxg5 28.Rxg5 e4 29.f4 Ne6
30.Re5 Qc7 31.Rg1 Rcd8 32.Nxc5 Nxc5 33.Rxc5 Qd6 34.Rcg5 Kf8 35.Bc5  1-0

[Event "FIDE World Blitz 2013"]
[Site "Khanty-Mansiysk RUS"]
[Date "2013.06.09"]
[Round "11.1"]
[White "Dreev,A"]
[Black "Nepomniachtchi,I"]
[Result "0-1"]
[WhiteElo "2668"]
[BlackElo "2717"]

1.d4 Nf6 2.c4 g6 3.Nc3 d5 4.Bf4 Bg7 5.Nf3 O-O 6.Rc1 dxc4 7.e3 Be6 8.Ng5 Bd5
9.e4 h6 10.exd5 hxg5 11.Bxg5 Nxd5 12.Bxc4 Nb6 13.Bb3 Nc6 14.Ne2 a5 15.a4 Qd6
16.O-O Nxd4 17.Nxd4 Bxd4 18.Bxe7 Qxe7 19.Qxd4 Rad8 20.Qc3 Nd5 21.Qxa5 Nf4
22.Rxc7 Qe4 23.Qg5 Rd2 24.h4 Rd4 25.Kh2 Rb4 26.Rc3 Qe2 27.Rfc1 Qxb2 28.Bxf7+ Rxf7
29.Qe5 Rc4 30.Qb8+ Rf8 31.Qe5 Qxf2 32.Qg5 Rxc3 33.Rxc3 Qd4 34.Rf3 Qd6 35.Qg3 Qe5
36.Re3 Qf6 37.Rf3 Kh7 38.Qf2 Qe5 39.g3 Nd3 40.Rf7+ Rxf7 41.Qxf7+ Qg7 42.Qf3 Qb2+
43.Kh3 Nf2+ 44.Kg2 Ne4+ 45.Kh3 Nf6 46.a5 Kg7 47.Qd3 Qb4 48.Qf3 Qb5 49.Qa3 Qf5+
50.Kg2 Qe4+ 51.Kg1 Ng4 52.Qb2+ Kh7 53.Qb6 Ne5 54.Qc7+ Kh6 55.Qc1+ Kg7 56.Qc7+ Nf7
57.Qc3+ Qe5 58.Qb3 Nd6 59.Qa3 Qe1+ 60.Kg2 Qe2+ 61.Kg1 Nf5 62.Qb3 Qe3+ 63.Kf1 Qxb3  0-1

[Event "FIDE World Blitz 2013"]
[Site "Khanty-Mansiysk RUS"]
[Date "2013.06.09"]
[Round "12.1"]
[White "Nepomniachtchi,I"]
[Black "Dreev,A"]
[Result "1-0"]
[WhiteElo "2717"]
[BlackElo "2668"]

1.e4 c6 2.Nf3 d5 3.Nc3 Bg4 4.h3 Bxf3 5.Qxf3 e6 6.d4 dxe4 7.Qxe4 Nf6 8.Qh4 Nbd7
9.Bd3 g6 10.O-O Bg7 11.Ne2 Nd5 12.Qg3 Nb4 13.Bg5 Nf6 14.Rad1 Nxd3 15.Qxd3 Qd5
16.Bf4 O-O 17.c4 Qa5 18.Qc2 Rfd8 19.b3 Rd7 20.Bd2 Qf5 21.Qxf5 gxf5 22.Bf4 Rad8
23.Be5 Ne4 24.Bxg7 Kxg7 25.f3 Nf6 26.Rd2 e5 27.Rfd1 f4 28.Kf1 c5 29.d5 Ne8
30.g3 fxg3 31.Nxg3 b6 32.Rg2 Kf8 33.Re1 f6 34.f4 exf4 35.Nh5 Re7 36.Rg8+ Kf7
37.Rxe7+ Kxe7 38.Rh8 Nd6 39.Rxh7+ Nf7 40.Nxf4 Kf8 41.Ne6+  1-0

[Event "FIDE World Blitz 2013"]
[Site "Khanty-Mansiysk RUS"]
[Date "2013.06.09"]
[Round "13.2"]
[White "Dreev,A"]
[Black "Le Quang Liem"]
[Result "0-1"]
[WhiteElo "2668"]
[BlackElo "2712"]

1.d4 Nf6 2.c4 g6 3.Nc3 d5 4.e3 Bg7 5.Qb3 dxc4 6.Bxc4 O-O 7.Nf3 c5 8.d5 Nbd7
9.O-O Nb6 10.e4 Nxc4 11.Qxc4 b6 12.e5 Nd7 13.Bf4 Bb7 14.Rad1 a6 15.a4 b5
16.axb5 axb5 17.Nxb5 Ba6 18.e6 Qb6 19.exd7 Bxb5 20.Qb3 Qa6 21.Bc7 Bxd7 22.Qe3 Bxb2
23.Qxe7 Ba4 24.Rb1 Ba3 25.d6 c4 26.Rb6 Qa7 27.Qe3 Bb3 28.Ne5 Rae8 29.Qd4 Re6
30.Nc6 Qa8 31.d7 Rxc6 32.Rxc6 Qxc6 33.d8=Q Rxd8 34.Qxd8+ Bf8 35.Be5 c3 36.Qb8 Bd5
37.Bd4 Bxg2  0-1

[Event "FIDE World Blitz 2013"]
[Site "Khanty-Mansiysk RUS"]
[Date "2013.06.09"]
[Round "14.2"]
[White "Le Quang Liem"]
[Black "Dreev,A"]
[Result "1-0"]
[WhiteElo "2712"]
[BlackElo "2668"]

1.d4 d5 2.c4 c6 3.cxd5 cxd5 4.Nc3 Nc6 5.Bf4 e5 6.dxe5 d4 7.Ne4 Qa5+ 8.Nd2 Nge7
9.Nf3 Ng6 10.g3 Bg4 11.Bg2 Bxf3 12.Bxf3 Ngxe5 13.O-O Rd8 14.Bxe5 Nxe5 15.Bxb7 Be7
16.Nf3 O-O 17.Nxe5 Qxe5 18.Ba6 Rb8 19.Qc2 g6 20.Rac1 Bg5 21.Rcd1 Bf6 22.Rd3 Qa5
23.Bc4 Kg7 24.Rfd1 Rfc8 25.b3 Qb6 26.Rf3 Re8 27.Rdd3 Re7 28.Rf4 Qa5 29.Rdf3 Rb6
30.Kg2 Qe5 31.h4 Rd6 32.Qd2 h5 33.Qb4 a5 34.Qd2 Qc5 35.Qd1 Qc6 36.Kg1 Qc5
37.Rd3 Qe5 38.e3 Red7 39.Qf3 dxe3 40.Rxe3 Qa1+ 41.Kh2 Rd1 42.a4 Rc1 43.Rd3 Re7
44.Re4 Rxe4 45.Qxe4 Re1 46.Qd5 Re7 47.Qxa5 Qb2 48.Rf3 Qd4 49.Qd5 Qa1 50.a5 Kh6
51.Qd6 Re1 52.Rxf6 Rh1+ 53.Kg2 Rg1+ 54.Kf3 Qc3+ 55.Bd3 Rd1 56.Kg2 Kg7 57.Rf3 Qa1
58.Re3 Rg1+ 59.Kf3 Qd1+ 60.Ke4 Rg2 61.Qe5+ Kg8 62.Qf6 Qc1  1-0

[Event "FIDE World Blitz 2013"]
[Site "Khanty-Mansiysk RUS"]
[Date "2013.06.09"]
[Round "15.7"]
[White "Smirin,I"]
[Black "Dreev,A"]
[Result "1/2-1/2"]
[WhiteElo "2663"]
[BlackElo "2668"]

1.e4 c6 2.Nc3 d5 3.Nf3 Bg4 4.h3 Bxf3 5.Qxf3 e6 6.d4 dxe4 7.Qxe4 Nf6 8.Qd3 Na6
9.a3 Qa5 10.Rb1 Rd8 11.Bd2 Qb6 12.Be3 Nc7 13.Be2 Ncd5 14.Nxd5 Nxd5 15.Bd2 Qc7
16.O-O Nf4 17.Bxf4 Qxf4 18.Rbd1 Bd6 19.g3 Qf6 20.c3 O-O 21.Qf3 Qxf3 22.Bxf3 Rfe8
23.Kg2 Kf8 24.Rfe1 Bc7 25.Re2 a5 26.a4 Bd6 27.Red2 Rb8 28.Ra1 g6 29.h4 h5
30.Kf1 Red8 31.Kg2 Be7 32.Rdd1 Bf6 33.Kf1 Ra8 34.Ke2 Rd6 35.Bg2 Rad8 36.Bf3 Kg7
37.Kf1 R8d7 38.Ke2 Bd8 39.Bg2 Bb6 40.f4 c5 41.dxc5 Bxc5 42.Rxd6 Rxd6 43.Bxb7 Rb6
44.b4 axb4 45.cxb4 Bxb4 46.Be4 Ba5 47.Rb1 Rxb1 48.Bxb1 Kf6 49.Kf3 Ke7 50.Bd3 Kd6
51.Bb5 Ke7 52.Bc4  1/2-1/2

[Event "FIDE World Blitz 2013"]
[Site "Khanty-Mansiysk RUS"]
[Date "2013.06.09"]
[Round "16.7"]
[White "Dreev,A"]
[Black "Smirin,I"]
[Result "0-1"]
[WhiteElo "2668"]
[BlackElo "2663"]

1.d4 Nf6 2.Nf3 g6 3.Bf4 Bg7 4.e3 d6 5.Be2 O-O 6.O-O c5 7.c3 Qb6 8.Qb3 Nc6
9.Nbd2 Be6 10.Qxb6 axb6 11.a3 Rfc8 12.h3 Na5 13.Bd3 Bd7 14.Rfd1 b5 15.dxc5 dxc5
16.b4 c4 17.Bc2 Nc6 18.Ne5 Nxe5 19.Bxe5 Bc6 20.e4 Nxe4 21.Bxg7 Nxd2 22.Bh6 Nb3
23.Rab1 Rxa3 24.Re1 e6 25.Bg5 Bd5 26.Bf6 Ra2 27.Bd1 Rca8 28.Bg4 h5 29.Bd1 Kf8
30.Re2  0-1

[Event "FIDE World Blitz 2013"]
[Site "Khanty-Mansiysk RUS"]
[Date "2013.06.10"]
[Round "17.8"]
[White "Dreev,A"]
[Black "Dubov,Danii"]
[Result "1/2-1/2"]
[WhiteElo "2668"]
[BlackElo "2638"]

1.d4 Nf6 2.c4 c5 3.d5 b5 4.Qc2 bxc4 5.e4 d6 6.Bxc4 g6 7.b3 Bg7 8.Bb2 O-O
9.Nf3 a5 10.O-O Ba6 11.Nbd2 Nbd7 12.a4 Nb6 13.Bxa6 Rxa6 14.Nc4 Qa8 15.Rfe1 Rb8
16.Nfd2 Nxc4 17.Nxc4 Qb7 18.Rab1 Qc7 19.f4 Ra7 20.Bc3 Nh5 21.e5 Nxf4 22.Qe4 dxe5
23.Bxe5 Bxe5 24.Nxe5 Rb4 25.Qf3 e6 26.dxe6 Nxe6 27.Nc6 Rf4 28.Qd5 Ra6 29.Ne5 Rd6
30.Qa8+ Rd8 31.Qa6 Nd4 32.Kh1 Rf5 33.Ng4 Kg7 34.Qd3 h5 35.Ne3 Re5 36.Nc4 Rxe1+
37.Rxe1 Rb8 38.Nd2 Qf4 39.Kg1 Rb7 40.Qc3 Kh7 41.h3 Qf6 42.Ne4 Qh4 43.Nxc5 Rc7
44.Re3 Qf6 45.Qc4 Ne6 46.Rf3 Qd4+ 47.Qxd4 Nxd4 48.Rd3 Ne2+ 49.Kf1 Nc1 50.Rc3 Nxb3
51.Rxb3 Rxc5 52.Rb5 Rc1+ 53.Kf2 Rc3 54.Rxa5 Ra3 55.Ra7 Kg7 56.Ra6 h4 57.Ra7  1/2-1/2

[Event "FIDE World Blitz 2013"]
[Site "Khanty-Mansiysk RUS"]
[Date "2013.06.10"]
[Round "19.9"]
[White "Najer,E"]
[Black "Dreev,A"]
[Result "1-0"]
[WhiteElo "2633"]
[BlackElo "2668"]

1.e4 c6 2.d4 d5 3.e5 Bf5 4.Nf3 e6 5.Be2 Ne7 6.O-O Bg6 7.c3 Nd7 8.Nh4 Be4
9.Nd2 Nf5 10.Nxe4 Nxh4 11.Bg5 Qb6 12.Bxh4 dxe4 13.b4 a5 14.a3 Be7 15.Bxe7 Kxe7
16.Qc2 f5 17.exf6+ Nxf6 18.Rae1 axb4 19.axb4 Qc7 20.f3 e3 21.Bc4 Qf4 22.g3 Qh6
23.Re2 Nd5 24.Rfe1 Rhf8 25.Bxd5 cxd5 26.Rxe3 Rf6 27.c4 Rd8 28.c5 Kf7 29.b5 Qh5
30.Qe2 Qf5 31.Ra1 Kg8 32.Kg2 Rdf8 33.Re1 Kf7 34.Re5 Qg6 35.Qe3 h6 36.Re2 Re8
37.Qa3 Qb1 38.Qb2 Qd1 39.R5e3 g5 40.Re1 Qa4 41.Ra3 Qc4 42.Rc1  1-0